000 00627nam a22001937a 4500
003 OSt
005 20210419083616.0
008 210226s1992 ||||| |||| 00| 0 eng d
040 _aeng
_beng
_cDLC
_deng
041 _aeng
080 _a616.8
_bN-83
100 _91186
_aNorth, John
245 _aThis Special Edition of Practical Observations on the Convulsions of Infants
_b/ by: The Classics of Neurology and Neurosurgery Library
260 _aNew York
_bThe Classics of Neurology and Neurosurgery Library
_c1992
300 _a282 p.
650 0 _9100
_aNeurology
653 _aნევროლოგია
942 _2udc
_cBK
999 _c1809
_d1809